LEADER 00964nem0-2200349---450 001 990009509620403321 005 20230609125833.0 035 $a000950962 035 $aFED01000950962 035 $a(Aleph)000950962FED01 035 $a000950962 100 $a20120112d1977----km-y0itay50------ba 101 0 $aita 102 $aIT 120 $ab--------aa-- 121 $aaa-aabb-a$b-------- 123 1 $aa$b1:1000000 200 1 $aSvizzera, Austria$bDocumento cartografico$fTouring club italiano 206 $a1:1000000 210 $aMilano$cTCI$d1977 215 $a1 carta$ccolor., ripieg.$d83 x 47 cm 225 1 $aCarta stradale$v24 610 0 $aSvizzera$aCarte 610 0 $aAustria$aCarte 710 02$aTouring club italiano$05623 801 0$aIT$bUNINA$gRICA$2UNIMARC 901 $aMP 912 $a990009509620403321 952 $aMP UB EU 006(01)$bI.G. 10660$fILFGE 959 $aILFGE 996 $aSvizzera, Austria$91470088 997 $aUNINA